header

The intelligible universe (Record no. 29826)

MARC details
000 -LEADER
fixed length control field 01557nam a2200421Ia 4500
082 04 - DEWEY DECIMAL CLASSIFICATION NUMBER
Classification number 523.01
100 1# - MAIN ENTRY--AUTHOR NAME
Personal name Gonzalo, Julio A.
245 14 - TITLE STATEMENT
Title The intelligible universe
250 ## - EDITION STATEMENT
Edition statement 2nd ed.
260 ## - PUBLICATION, DISTRIBUTION, ETC. (IMPRINT)
Place of publication Singapore ;
-- Hackensack, NJ :
Name of publisher World Scientific Pub. Co.,
Year of publication c2008.
300 ## - PHYSICAL DESCRIPTION
Number of Pages xv, 351 p. :
Other physical details ill.
650 #0 - SUBJECT ADDED ENTRY--TOPICAL TERM
Topical Term Cosmology.
Topical Term Astrophysics.
Topical Term Cosmic physics.
Topical Term Cosmic background radiation.
Topical Term Big bang theory.
Topical Term Intelligent design (Teleology)
856 40 - ELECTRONIC LOCATION AND ACCESS
Uniform Resource Identifier http://site.ebrary.com/lib/rucke/Doc?id=10688227

No items available.

© 2026 Rongo University
Contact us: librarian | system librarian | Rongo university